[Event "GER-ch U18 sf Berlin Online"]
[Site "Playchess.com INT"]
[Date "2020.05.01"]
[Round "5"]
[White "Altmann, Jakob"]
[Black "Stein, Daniel3333"]
[Result "0-1"]
[WhiteElo "1620"]
[BlackElo "1194"]
[PlyCount "76"]
[EventDate "2020.05.01"]
[EventType "swiss (blitz)"]
[EventRounds "13"]
[EventCountry "GER"]
[SourceTitle "CBM 195 Extra"]
[Source "ChessBase"]
[SourceDate "2020.05.31"]
[SourceVersion "1"]
[SourceVersionDate "2020.05.31"]
[SourceQuality "1"]

1. e4 e5 2. Nf3 Nc6 3. Bc4 Nf6 4. Nc3 Bc5 5. b4 Bxb4 6. Bb2 Bxc3 7. Bxc3 d6 8. d4 exd4 9. Nxd4 Nxd4 10. Bxd4 Bg4 11. f3 Bh5 12. Qd2 Qe7 13. Qe2 0-0 14. Qe3 c5 15. Bb2 Rfe8 16. 0-0 Rad8 17. Qg5 d5 18. exd5 Qe3+ 19. Rf2 Qxg5 20. Bxf6 Qxf6 21. g4 Qxa1+ 22. Kg2 Bg6 23. f4 Re3 24. f5 Qc3 25. Rf4 Qd2+ 26. Rf2 Qc3 27. Bb3 a5 28. fxg6 hxg6 29. d6 Rxd6 30. Rxf7 Kh8 31. Rf8+ Kh7 32. Bg8+ Kh6 33. g5+ Kxg5 34. h4+ Kxh4 35. Rf4+ Kg5 36. Rf2 Rg3+ 37. Kf1 Rd1+ 38. Ke2 Qd2# 0-1

[Event "GER-ch U18 sf Berlin Online"]
[Site "Playchess.com INT"]
[Date "2020.05.01"]
[Round "3"]
[White "Altmann, Jakob"]
[Black "Von Mettenheim, Johannes"]
[Result "0-1"]
[WhiteElo "1620"]
[BlackElo "1984"]
[PlyCount "34"]
[EventDate "2020.05.01"]
[EventType "swiss (blitz)"]
[EventRounds "13"]
[EventCountry "GER"]
[SourceTitle "CBM 195 Extra"]
[Source "ChessBase"]
[SourceDate "2020.05.31"]
[SourceVersion "1"]
[SourceVersionDate "2020.05.31"]
[SourceQuality "1"]

1. e4 c5 2. Nf3 Nc6 3. Bc4 g6 4. Nc3 Bg7 5. b3 e6 6. Bb5 Nge7 7. d3 Bxc3+ 8. Bd2 Bxa1 9. Qxa1 Rg8 10. Ng5 h6 11. Nh7 Nd4 12. Nf6+ Kf8 13. Nxg8 Nxc2+ 14. Ke2 Nxa1 15. Rxa1 Nxg8 16. g4 Qf6 17. f4 Qxa1 0-1

[Event "GER-ch U18 sf Berlin Online"]
[Site "Playchess.com INT"]
[Date "2020.05.01"]
[Round "10"]
[White "Canno, Clara Yumi"]
[Black "Altmann, Jakob"]
[Result "0-1"]
[WhiteElo "1620"]
[BlackElo "1620"]
[PlyCount "60"]
[EventDate "2020.05.01"]
[EventType "swiss (blitz)"]
[EventRounds "13"]
[EventCountry "GER"]
[SourceTitle "CBM 195 Extra"]
[Source "ChessBase"]
[SourceDate "2020.05.31"]
[SourceVersion "1"]
[SourceVersionDate "2020.05.31"]
[SourceQuality "1"]

1. e4 e5 2. Nf3 Nc6 3. d4 exd4 4. Nxd4 Nxd4 5. Qxd4 c5 6. Qd5 Nf6 7. Qd3 d5 8. e5 c4 9. Qd4 Ne4 10. f4 b6 11. Be2 Bc5 12. Qd1 Nf2 13. Qd2 Nxh1 14. b4 Bf2+ 15. Kf1 Bd4 16. c3 Nf2 17. cxd4 Ne4 18. Qc2 Bf5 19. Qa4+ Bd7 20. Qd1 Qh4 21. h3 Ng3+ 22. Kg1 Bxh3 23. gxh3 Qxh3 24. Bf1 Qh1+ 25. Kf2 Ne4+ 26. Ke2 Qh2+ 27. Kf3 Qh5+ 28. Ke3 Qxd1 29. Bd2 Qxf1 30. a3 Qf2# 0-1